Ja / Nein Quiz - Wüsten - Statistiken

Allgemein
  • Dieses Quiz wurde 225 mal gespielt
  • Das Durchschnittsergebnis liegt bei 6 aus 10
Antwortstatistiken
Frage Antwort % Korrekt
Sand ist immer gelb. Nein
100%
Die Wüste "Namib" in Afrika wird auch Skelettküste genannt. Ja
96%
Ob eine Wüste eine Wüste ist oder nicht, hängt von der Artenvielfalt der Tiere ab. Nein
96%
Die Arktis ist auch eine Wüste. Ja
83%
Auf jedem Kontinent gibt es Wüsten. Ja
65%
Sahara ist türkisch und heißt "Heißer Sand". Nein
52%
Die größte Wüste der Welt ist die Sahara. Nein
52%
Die höchste Wanderdüne Europas liegt in Frankreich. Ja
48%
Die meisten Wüsten liegen auf der nördlichen Halbkugel. Ja
39%
Rosen tragen Dornen (=Dornröschen), Kakteen tragen Stacheln. Nein
17%
Keine übereinstimmenden Quizze gefunden
Verteilung der Resultate
Anzahl Personen mit jedem Resultat
Perzentil nach korrekt beantworteten Fragen
Ihre Resultats-Entwicklung
Sie haben dieses Quiz noch nicht gespielt